Normal view
MARC view
Entry Topical Term
001 - CONTROL NUMBER
- control field: 848079
003 - CONTROL NUMBER IDENTIFIER
- control field: OSt
005 - DATE AND TIME OF LATEST TRANSACTION
- control field: 20251010155212.0
008 - FIXED-LENGTH DATA ELEMENTS
- fixed length control field: 251010|| aca||aabn | a|a d
040 ## - CATALOGING SOURCE
- Original cataloging agency: OSt
- Transcribing agency: OSt
150 ## - HEADING--TOPICAL TERM
- Topical term or geographic name entry element: भारतीय-लोक साहित्य
670 ## - SOURCE DATA FOUND
- Source citation: Work cat.: (OSt)298086: सुधा सिंह 848078, ज्ञान का स्त्रीवादी पाठ, 2008
